<?xml version="1.0" encoding="UTF-8"?>
<record
    xmlns:xsi="http://www.w3.org/2001/XMLSchema-instance"
    xsi:schemaLocation="http://www.loc.gov/MARC21/slim http://www.loc.gov/standards/marcxml/schema/MARC21slim.xsd"
    xmlns="http://www.loc.gov/MARC21/slim">

  <leader>00500nam a22001577a 4500</leader>
  <controlfield tag="003">OSt</controlfield>
  <controlfield tag="005">20150908133123.0</controlfield>
  <controlfield tag="008">150908b        xxu||||| |||| 00| 0 eng d</controlfield>
  <datafield tag="040" ind1=" " ind2=" ">
    <subfield code="c">RUA</subfield>
  </datafield>
  <datafield tag="082" ind1=" " ind2=" ">
    <subfield code="a">AGR &#x1784;&#x17C9;&#x17C2;&#x178F; 1992 B005 Or.1</subfield>
  </datafield>
  <datafield tag="100" ind1=" " ind2=" ">
    <subfield code="9">150</subfield>
    <subfield code="a">&#x1784;&#x17C9;&#x17C2;&#x178F; &#x1794;&#x17BB;&#x179B;</subfield>
  </datafield>
  <datafield tag="245" ind1=" " ind2=" ">
    <subfield code="a">Trogoderma granarium &#x1793;&#x17B7;&#x1784;&#x1780;&#x17B6;&#x179A;&#x1794;&#x17C6;&#x1795;&#x17D2;&#x179B;&#x17B7;&#x1785;&#x1794;&#x17C6;&#x1795;&#x17D2;&#x179B;&#x17B6;&#x1789;&#x1793;&#x17C3;&#x179F;&#x178F;&#x17D2;&#x179C;&#x179B;&#x17D2;&#x17A2;&#x17B7;&#x178F;&#x1793;&#x17C1;&#x17C7;</subfield>
  </datafield>
  <datafield tag="260" ind1=" " ind2=" ">
    <subfield code="a">Phnom Penh </subfield>
    <subfield code="b">RUA </subfield>
    <subfield code="c">1992</subfield>
  </datafield>
  <datafield tag="300" ind1=" " ind2=" ">
    <subfield code="a">87p.</subfield>
    <subfield code="b">ill.</subfield>
    <subfield code="c">29cm.</subfield>
  </datafield>
  <datafield tag="942" ind1=" " ind2=" ">
    <subfield code="2">ddc</subfield>
    <subfield code="c">AGR</subfield>
  </datafield>
  <datafield tag="999" ind1=" " ind2=" ">
    <subfield code="c">131</subfield>
    <subfield code="d">131</subfield>
  </datafield>
  <datafield tag="952" ind1=" " ind2=" ">
    <subfield code="0">0</subfield>
    <subfield code="1">0</subfield>
    <subfield code="2">ddc</subfield>
    <subfield code="4">0</subfield>
    <subfield code="6">AGR_&#x1784;&#x17C2;&#x178F;_1992_000000000000000_B005_OR_1</subfield>
    <subfield code="7">0</subfield>
    <subfield code="9">413</subfield>
    <subfield code="a">LBB</subfield>
    <subfield code="b">LBB</subfield>
    <subfield code="c">B005</subfield>
    <subfield code="d">2015-09-08</subfield>
    <subfield code="l">1</subfield>
    <subfield code="o">AGR &#x1784;&#x17C9;&#x17C2;&#x178F; 1992 B005 Or.1</subfield>
    <subfield code="p">RUA003569</subfield>
    <subfield code="r">2019-07-08</subfield>
    <subfield code="s">2019-07-05</subfield>
    <subfield code="w">2015-09-08</subfield>
    <subfield code="y">AGR</subfield>
  </datafield>
  <datafield tag="952" ind1=" " ind2=" ">
    <subfield code="0">0</subfield>
    <subfield code="1">0</subfield>
    <subfield code="2">ddc</subfield>
    <subfield code="4">0</subfield>
    <subfield code="6">AGR_&#x1784;&#x17C2;&#x178F;_1992_000000000000000_B005_OR_2</subfield>
    <subfield code="7">0</subfield>
    <subfield code="9">414</subfield>
    <subfield code="a">LBB</subfield>
    <subfield code="b">LBB</subfield>
    <subfield code="c">B005</subfield>
    <subfield code="d">2015-09-08</subfield>
    <subfield code="l">1</subfield>
    <subfield code="o">AGR &#x1784;&#x17C9;&#x17C2;&#x178F; 1992 B005 Or.2</subfield>
    <subfield code="p">RUA003496</subfield>
    <subfield code="r">2019-07-22</subfield>
    <subfield code="s">2019-07-05</subfield>
    <subfield code="w">2015-09-08</subfield>
    <subfield code="y">AGR</subfield>
  </datafield>
  <datafield tag="952" ind1=" " ind2=" ">
    <subfield code="0">0</subfield>
    <subfield code="1">0</subfield>
    <subfield code="2">ddc</subfield>
    <subfield code="4">0</subfield>
    <subfield code="6">AGR_&#x1784;&#x17C2;&#x178F;_1992_000000000000000_B005_OR_3</subfield>
    <subfield code="7">0</subfield>
    <subfield code="9">415</subfield>
    <subfield code="a">LBB</subfield>
    <subfield code="b">LBB</subfield>
    <subfield code="c">B005</subfield>
    <subfield code="d">2015-09-08</subfield>
    <subfield code="l">1</subfield>
    <subfield code="o">AGR &#x1784;&#x17C9;&#x17C2;&#x178F; 1992 B005 Or.3</subfield>
    <subfield code="p">RUA003422</subfield>
    <subfield code="r">2016-07-22</subfield>
    <subfield code="s">2016-07-05</subfield>
    <subfield code="w">2015-09-08</subfield>
    <subfield code="y">AGR</subfield>
  </datafield>
  <datafield tag="952" ind1=" " ind2=" ">
    <subfield code="0">0</subfield>
    <subfield code="1">0</subfield>
    <subfield code="2">ddc</subfield>
    <subfield code="4">0</subfield>
    <subfield code="6">AGR_&#x1784;&#x17C2;&#x178F;_1992_000000000000000_B005_OR_4</subfield>
    <subfield code="7">0</subfield>
    <subfield code="9">416</subfield>
    <subfield code="a">LBB</subfield>
    <subfield code="b">LBB</subfield>
    <subfield code="c">B005</subfield>
    <subfield code="d">2015-09-08</subfield>
    <subfield code="o">AGR &#x1784;&#x17C9;&#x17C2;&#x178F; 1992 B005 Or.4</subfield>
    <subfield code="p">RUA003424</subfield>
    <subfield code="r">2015-09-08</subfield>
    <subfield code="w">2015-09-08</subfield>
    <subfield code="y">AGR</subfield>
  </datafield>
  <datafield tag="952" ind1=" " ind2=" ">
    <subfield code="0">0</subfield>
    <subfield code="1">0</subfield>
    <subfield code="2">ddc</subfield>
    <subfield code="4">0</subfield>
    <subfield code="6">AGR_&#x1784;&#x17C2;&#x178F;_1992_000000000000000_B005_OR_5</subfield>
    <subfield code="7">0</subfield>
    <subfield code="9">417</subfield>
    <subfield code="a">LBB</subfield>
    <subfield code="b">LBB</subfield>
    <subfield code="c">B005</subfield>
    <subfield code="d">2015-09-08</subfield>
    <subfield code="o">AGR &#x1784;&#x17C9;&#x17C2;&#x178F; 1992 B005 Or.5</subfield>
    <subfield code="p">RUA003566</subfield>
    <subfield code="r">2015-09-08</subfield>
    <subfield code="w">2015-09-08</subfield>
    <subfield code="y">AGR</subfield>
  </datafield>
  <datafield tag="952" ind1=" " ind2=" ">
    <subfield code="0">0</subfield>
    <subfield code="1">0</subfield>
    <subfield code="2">ddc</subfield>
    <subfield code="4">0</subfield>
    <subfield code="6">AGR_&#x1784;&#x17C2;&#x178F;_1992_000000000000000_B005_OR_6</subfield>
    <subfield code="7">0</subfield>
    <subfield code="9">418</subfield>
    <subfield code="a">LBB</subfield>
    <subfield code="b">LBB</subfield>
    <subfield code="c">B005</subfield>
    <subfield code="d">2015-09-08</subfield>
    <subfield code="o">AGR &#x1784;&#x17C9;&#x17C2;&#x178F; 1992 B005 Or.6</subfield>
    <subfield code="p">RUA003350</subfield>
    <subfield code="r">2015-09-08</subfield>
    <subfield code="w">2015-09-08</subfield>
    <subfield code="y">AGR</subfield>
  </datafield>
  <datafield tag="952" ind1=" " ind2=" ">
    <subfield code="0">0</subfield>
    <subfield code="1">0</subfield>
    <subfield code="2">ddc</subfield>
    <subfield code="4">0</subfield>
    <subfield code="6">AGR_&#x1784;&#x17C2;&#x178F;_1992_000000000000000_B005_OR_7</subfield>
    <subfield code="7">0</subfield>
    <subfield code="9">419</subfield>
    <subfield code="a">LBB</subfield>
    <subfield code="b">LBB</subfield>
    <subfield code="c">B005</subfield>
    <subfield code="d">2015-09-08</subfield>
    <subfield code="l">1</subfield>
    <subfield code="o">AGR &#x1784;&#x17C9;&#x17C2;&#x178F; 1992 B005 Or.7</subfield>
    <subfield code="p">RUA004113</subfield>
    <subfield code="r">2019-07-12</subfield>
    <subfield code="s">2019-07-08</subfield>
    <subfield code="w">2015-09-08</subfield>
    <subfield code="y">AGR</subfield>
  </datafield>
  <datafield tag="952" ind1=" " ind2=" ">
    <subfield code="0">0</subfield>
    <subfield code="1">0</subfield>
    <subfield code="2">ddc</subfield>
    <subfield code="4">0</subfield>
    <subfield code="6">AGR_&#x1784;&#x17C2;&#x178F;_1992_000000000000000_B005_OR_8</subfield>
    <subfield code="7">0</subfield>
    <subfield code="9">420</subfield>
    <subfield code="a">LBB</subfield>
    <subfield code="b">LBB</subfield>
    <subfield code="c">B005</subfield>
    <subfield code="d">2015-09-08</subfield>
    <subfield code="o">AGR &#x1784;&#x17C9;&#x17C2;&#x178F; 1992 B005 Or.8</subfield>
    <subfield code="p">RUA004107</subfield>
    <subfield code="r">2015-09-08</subfield>
    <subfield code="w">2015-09-08</subfield>
    <subfield code="y">AGR</subfield>
  </datafield>
  <datafield tag="952" ind1=" " ind2=" ">
    <subfield code="0">0</subfield>
    <subfield code="1">0</subfield>
    <subfield code="2">ddc</subfield>
    <subfield code="4">0</subfield>
    <subfield code="6">AGR_&#x1784;&#x17C2;&#x178F;_1992_000000000000000_B005_OR_9</subfield>
    <subfield code="7">0</subfield>
    <subfield code="9">421</subfield>
    <subfield code="a">LBB</subfield>
    <subfield code="b">LBB</subfield>
    <subfield code="c">B005</subfield>
    <subfield code="d">2015-09-08</subfield>
    <subfield code="l">1</subfield>
    <subfield code="o">AGR &#x1784;&#x17C9;&#x17C2;&#x178F; 1992 B005 Or.9</subfield>
    <subfield code="p">RUA004401</subfield>
    <subfield code="r">2016-08-01</subfield>
    <subfield code="s">2016-07-15</subfield>
    <subfield code="w">2015-09-08</subfield>
    <subfield code="y">AGR</subfield>
  </datafield>
  <datafield tag="952" ind1=" " ind2=" ">
    <subfield code="0">0</subfield>
    <subfield code="1">0</subfield>
    <subfield code="2">ddc</subfield>
    <subfield code="4">0</subfield>
    <subfield code="6">AGR_&#x1784;&#x17C2;&#x178F;_1992_000000000000000_B005_OR_10</subfield>
    <subfield code="7">0</subfield>
    <subfield code="9">422</subfield>
    <subfield code="a">LBB</subfield>
    <subfield code="b">LBB</subfield>
    <subfield code="c">B005</subfield>
    <subfield code="d">2015-09-08</subfield>
    <subfield code="l">1</subfield>
    <subfield code="o">AGR &#x1784;&#x17C9;&#x17C2;&#x178F; 1992 B005 Or.10</subfield>
    <subfield code="p">RUA004391</subfield>
    <subfield code="r">2019-07-15</subfield>
    <subfield code="s">2019-07-05</subfield>
    <subfield code="w">2015-09-08</subfield>
    <subfield code="y">AGR</subfield>
  </datafield>
</record>
